000 00568nam a2200205Ia 4500
005 20250923144443.0
008 008 250917s9999 xx 000 0 eng d
037 _aTextual
040 _aDSWL
_beng
_cDSWL
041 _aeng
_2eng
084 _qDSWL
100 _aDatar, Singh
_9825077
245 0 _aReorganisation of Ganshalas and pinjavapoles in India
_cby Singh Datar
260 _aNew Delhi
_b Ministry of Agricultural India
_c1948
300 _av,131p.
365 _aINR
_b18
925 _g18
942 _cTEXL
999 _c1439077
_d1439077